Responses for Show #4874 - Thursday, November 17, 2005

2005 College Championship final game 1.
From the RBC Center in Raleigh, North Carolina.

Contestants

[<< previous game]

Adam Pinson, a senior at the University of Alabama at Birmingham from Pinson, Alabama

Nico Martinez, a junior at Stanford University from Bloomfield Hills, Michigan

Jayanth Iyengar, a junior at Washington University in St. Louis from Madison, Wisconsin

[next game >>]

Jeopardy! Round responses

THE IVORY TOWER
STUDENT LOANS
MONEY FROM HOME
STAYING UP LATE
PARTYING
IN COLLEGE
(Alex: And each correct response in that last category will be made up of letters you can find in the word "college". Hence, IN COLLEGE.)
    $200 8
Greece

Jayanth
    $200 1
The Odyssey

Adam
    $200 15
ruble

Adam
    $200 26
Ted Koppel

Nico
    $200 13
Democratic Party

Jayanth
    $200 6
ego

Nico
    $400 9
Buddhism

Nico
    $400 2
The Brothers Karamazov

Nico
    $400 16
pesos

Jayanth
    $400 27
Jimmy Kimmel

Nico
    $1,000 14
the Whig Party

Jayanth
    $400 7
clog

Jayanth
    $600 11
the Wrigley Building

Nico
    $600 3
Henry Miller

Nico
    $600 17
(Adam: What is a rig?)
(Jayanth: Uh--what is Latvia?)

lat

JayanthNicoAdam
    $600 28
Jaywalking

Adam
    $600 20
the Green Party

Nico
    $600 23
(Jayanth: What is a private club?)

glee

JayanthNico
    $800 12
(Jayanth: Uh, what is Wendy's?)

White Castle

JayanthAdam
    $800 4
Sinclair Lewis

Nico
    $800 18
rand

Nico
    $800 29
Paul Shaffer

Nico
    $800 21
the Federalist

Adam
    $800 24
ogle

Nico
    $1000 10
William the Conqueror

Nico
    $1000 5
(James) Joyce

Adam
    $1000 19
złoty

Nico
    $1000 30
Craig Ferguson

Triple Stumper
    $1000 22
the Union Party

Nico
    $1000 25
loge

Triple Stumper

Scores at the first commercial break (after clue 14):

Jayanth Nico Adam
$1,000 $4,000 $2,000

Scores at the end of the Jeopardy! Round:

Jayanth Nico Adam
$200 $10,800 $3,000

Double Jeopardy! Round responses

PIERCED NAVAL HISTORY
ATHLETES
EFFECTS
LOST IN AUSTRIA
SHE INVENTED WHAT?
MISSING VOWELS
(Alex: We will give you some consonants; you have to give us the word we are going for.)
    $400 4
the Monitor

Jayanth
    $400 21
Lance Armstrong

Jayanth
    $400 15
(Jayanth: What is Kodak?)

Polaroid

JayanthNico
    $400 1
(Adam: What is prime minister?)
(Jayanth: What is president?)

chancellor

JayanthNicoAdam
    $400 16
diabetes

Nico
    $400 26
Aries

Nico
    $800 11
give up the ship

Adam
    $800 6
Curt Schilling

Nico
    $800 22
a ripple effect

Nico
    $800 7
(Nico: What are bicycles?)

horses

Nico
Triple Stumper
    $800 20
leukemia

Nico
    $800 27
easel

Adam
    $1200 12
(Jayanth: What is jump overboard?)

land an airplane

JayanthAdam
    $1200 5
Kim Clijsters

Nico
    $1200 23
magnetization

Triple Stumper
    $1200 8
Succession

Nico
    $1200 19
Dutch elm disease

Adam
    $1200 28
azalea

Jayanth
    $1600 13
the Lusitania

Nico
    $1600 3
(Annika) Sorenstam

Adam
    $1600 24
the placebo effect

Adam
    $1600 9
(Alex: And his name was [*]. Mach 1, Mach 2...)

Ernst Mach

Triple Stumper
    $1600 18
Kevlar

Nico
    $1600 29
(Alex: You're going to love this one. What is an [*]? Sorry, Nico, not quickly enough.)

aquarium

Triple Stumper
    $2000 14
Halsey

Adam
    $2000 2
Danica Patrick

Nico
    $3,000 25
(Alex: Adam, let me explain something to you. Look at the scores. If you were to make this a True Daily Double and responded correctly, you would be in the lead.)
(Adam: I'm just not that brave, I'm sorry. $3,000, please.)
...
(Alex: Say something.)
(Adam: What is the Lavoisier effect?)

Pasteur

Adam
    $2,400 10
(Alex: Nico, you have so much money you could turn this game into a rout if you made this a True Daily Double.)
(Nico: Well, I don't know about that. Let's try $2,400.)

Serbia

Nico
    $2000 17
protease

Adam
    $2000 30
ukulele

Nico

Scores at the end of the Double Jeopardy! Round:

Jayanth Nico Adam
$200 $26,000 $10,800

Final Jeopardy! Round responses

BRITISH POETS
JayanthWho is Percy Shelley?
$199
AdamWho is Percy Shellyeey
$4,000
NicoWho is Percy Shelley
$3,000
Percy Shelley

Final scores:

Jayanth Nico Adam
$399 $29,000 $14,800

Game dynamics:

Coryat scores:

Jayanth Nico Adam
-$400 $25,600 $13,800
8 R
(including 1 DD),
6 W
31 R
(including 1 DD),
1 W
14 R,
3 W
(including 1 DD)

Combined Coryat: $39,000

[game clues] [game scores] [suggest correction]

Game tape date: 2005-10-02
The J! Archive is created by fans, for fans. Scraping, republication, monetization, and malicious use prohibited; this site may use cookies and collect identifying information. See terms. The Jeopardy! game show and all elements thereof, including but not limited to copyright and trademark thereto, are the property of Jeopardy Productions, Inc. and are protected under law. This website is not affiliated with, sponsored by, or operated by Jeopardy Productions, Inc. Join the discussion at JBoard.tv.